<?xml version="1.0" encoding="UTF-8"?>
<record
    xmlns:xsi="http://www.w3.org/2001/XMLSchema-instance"
    xsi:schemaLocation="http://www.loc.gov/MARC21/slim http://www.loc.gov/standards/marcxml/schema/MARC21slim.xsd"
    xmlns="http://www.loc.gov/MARC21/slim">

  <leader>01429nam a22002895a 4500</leader>
  <controlfield tag="003">OSt</controlfield>
  <controlfield tag="005">20180429101709.0</controlfield>
  <controlfield tag="008">180426s1986    le a   frb    000 0 ara d</controlfield>
  <datafield tag="040" ind1=" " ind2=" ">
    <subfield code="a">EG-ScBUE</subfield>
    <subfield code="b">ara</subfield>
    <subfield code="c">EG-ScBUE</subfield>
  </datafield>
  <datafield tag="041" ind1="1" ind2=" ">
    <subfield code="a">ara</subfield>
    <subfield code="h">eng</subfield>
  </datafield>
  <datafield tag="043" ind1=" " ind2=" ">
    <subfield code="a">ma-----</subfield>
  </datafield>
  <datafield tag="082" ind1="0" ind2="4">
    <subfield code="a">338.1856</subfield>
    <subfield code="b">&#x62C; &#x644; &#x627;</subfield>
    <subfield code="2">22</subfield>
  </datafield>
  <datafield tag="100" ind1="1" ind2=" ">
    <subfield code="a">&#x62C;&#x644;&#x627;&#x641;&#x627;&#x646;&#x64A;&#x633;&#x60C; &#x643;&#x627;&#x62B;&#x64A;.</subfield>
  </datafield>
  <datafield tag="240" ind1="1" ind2="4">
    <subfield code="a">The Sociology of agrarian relations in the Middle East : the persistance of household production. </subfield>
    <subfield code="l">Arabic</subfield>
  </datafield>
  <datafield tag="245" ind1="1" ind2="0">
    <subfield code="a">&#x633;&#x648;&#x633;&#x64A;&#x648;&#x644;&#x648;&#x62C;&#x64A;&#x627; &#x627;&#x644;&#x639;&#x644;&#x627;&#x642;&#x627;&#x62A; &#x627;&#x644;&#x632;&#x631;&#x627;&#x639;&#x64A;&#x629; &#x641;&#x64A; &#x627;&#x644;&#x634;&#x631;&#x642; &#x627;&#x644;&#x623;&#x648;&#x633;&#x637; :</subfield>
    <subfield code="b">&#x627;&#x633;&#x62A;&#x645;&#x631;&#x627;&#x631; &#x627;&#x644;&#x625;&#x646;&#x62A;&#x627;&#x62C; &#x627;&#x644;&#x639;&#x627;&#x626;&#x644;&#x64A; /</subfield>
    <subfield code="c">&#x643;&#x627;&#x62B;&#x64A; &#x62C;&#x644;&#x627;&#x641;&#x627;&#x646;&#x64A;&#x633;&#x60C; &#x628;&#x627;&#x646;&#x62F;&#x644;&#x64A; &#x62C;&#x644;&#x627;&#x641;&#x627;&#x646;&#x64A;&#x633; &#x61B; &#x62A;&#x631;&#x62C;&#x645;&#x629; &#x633;&#x627;&#x645;&#x64A; &#x627;&#x644;&#x631;&#x632;&#x627;&#x632;.</subfield>
  </datafield>
  <datafield tag="260" ind1=" " ind2=" ">
    <subfield code="a">&#x628;&#x64A;&#x631;&#x648;&#x62A; :</subfield>
    <subfield code="b">&#x645;&#x624;&#x633;&#x633;&#x629; &#x627;&#x644;&#x623;&#x628;&#x62D;&#x627;&#x62B; &#x627;&#x644;&#x639;&#x631;&#x628;&#x64A;&#x629; &#x61B;</subfield>
    <subfield code="a">&#x627;&#x644;&#x62C;&#x64A;&#x632;&#x629;&#x60C; &#x645;&#x635;&#x631; :</subfield>
    <subfield code="b">&#x62F;&#x627;&#x631; &#x627;&#x644;&#x628;&#x64A;&#x627;&#x62F;&#x631;&#x60C;</subfield>
    <subfield code="c">1986.</subfield>
  </datafield>
  <datafield tag="300" ind1=" " ind2=" ">
    <subfield code="a">150 &#x635;. :</subfield>
    <subfield code="b">&#x625;&#x64A;&#x636;. &#x61B;</subfield>
    <subfield code="c">20 &#x633;&#x645;.</subfield>
  </datafield>
  <datafield tag="504" ind1=" " ind2=" ">
    <subfield code="a">&#x64A;&#x634;&#x62A;&#x645;&#x644; &#x639;&#x644;&#x649; &#x625;&#x631;&#x62C;&#x627;&#x639;&#x627;&#x62A; &#x628;&#x628;&#x644;&#x64A;&#x648;&#x62C;&#x631;&#x627;&#x641;&#x64A;&#x629;.</subfield>
  </datafield>
  <datafield tag="541" ind1=" " ind2=" ">
    <subfield code="a">&#x623;. &#x645;&#x62D;&#x645;&#x62F; &#x641;&#x631;&#x64A;&#x62F; &#x62E;&#x645;&#x64A;&#x633; &#x61B;</subfield>
    <subfield code="c">&#x625;&#x647;&#x62F;&#x627;&#x621; &#x61B;</subfield>
  </datafield>
  <datafield tag="546" ind1=" " ind2=" ">
    <subfield code="a">&#x627;&#x644;&#x646;&#x635; &#x628;&#x627;&#x644;&#x644;&#x63A;&#x629; &#x627;&#x644;&#x639;&#x631;&#x628;&#x64A;&#x629; &#x61B; &#x645;&#x62A;&#x631;&#x62C;&#x645; &#x645;&#x646; &#x627;&#x644;&#x644;&#x63A;&#x629; &#x627;&#x644;&#x625;&#x646;&#x62C;&#x644;&#x64A;&#x632;&#x64A;&#x629;.</subfield>
  </datafield>
  <datafield tag="650" ind1=" " ind2="7">
    <subfield code="a">&#x627;&#x644;&#x632;&#x631;&#x627;&#x639;&#x629;</subfield>
    <subfield code="z">&#x627;&#x644;&#x634;&#x631;&#x642; &#x627;&#x644;&#x623;&#x648;&#x633;&#x637;.</subfield>
    <subfield code="2">BUEsh</subfield>
  </datafield>
  <datafield tag="651" ind1=" " ind2="7">
    <subfield code="a">&#x627;&#x644;&#x634;&#x631;&#x642; &#x627;&#x644;&#x623;&#x648;&#x633;&#x637;</subfield>
    <subfield code="x">&#x623;&#x62D;&#x648;&#x627;&#x644; &#x627;&#x62C;&#x62A;&#x645;&#x627;&#x639;&#x64A;&#x629;.</subfield>
    <subfield code="2">BUEsh</subfield>
  </datafield>
  <datafield tag="653" ind1=" " ind2=" ">
    <subfield code="b">BUSBOL</subfield>
    <subfield code="b">GGEN</subfield>
    <subfield code="c">April2018</subfield>
  </datafield>
  <datafield tag="700" ind1="1" ind2=" ">
    <subfield code="a">&#x62C;&#x644;&#x627;&#x641;&#x627;&#x646;&#x64A;&#x633;&#x60C; &#x628;&#x627;&#x646;&#x62F;&#x644;&#x64A;.</subfield>
  </datafield>
  <datafield tag="700" ind1="1" ind2=" ">
    <subfield code="a">&#x627;&#x644;&#x631;&#x632;&#x627;&#x632;&#x60C; &#x633;&#x627;&#x645;&#x64A;&#x60C;</subfield>
    <subfield code="e">&#x645;&#x62A;&#x631;&#x62C;&#x645;.</subfield>
  </datafield>
  <datafield tag="942" ind1=" " ind2=" ">
    <subfield code="2">ddc</subfield>
  </datafield>
  <datafield tag="999" ind1=" " ind2=" ">
    <subfield code="c">26597</subfield>
    <subfield code="d">26569</subfield>
  </datafield>
  <datafield tag="952" ind1=" " ind2=" ">
    <subfield code="0">0</subfield>
    <subfield code="1">0</subfield>
    <subfield code="2">ddc</subfield>
    <subfield code="4">0</subfield>
    <subfield code="7">0</subfield>
    <subfield code="8">Donation-G</subfield>
    <subfield code="a">MAIN</subfield>
    <subfield code="b">MAIN</subfield>
    <subfield code="c">0TH</subfield>
    <subfield code="d">2018-04-26</subfield>
    <subfield code="e">Donation</subfield>
    <subfield code="o">338.1856 &#x62C; &#x644; &#x627;</subfield>
    <subfield code="p">000043347</subfield>
    <subfield code="r">2025-07-15 00:00:00</subfield>
    <subfield code="x">&#x625;&#x647;&#x62F;&#x627;&#x621; &#x645;&#x646; &#x623;. &#x645;&#x62D;&#x645;&#x62F; &#x641;&#x631;&#x64A;&#x62F; &#x62E;&#x645;&#x64A;&#x633;</subfield>
    <subfield code="y">BB</subfield>
  </datafield>
</record>
